000 00361 a2200169 4500
001 184219
020 _a85-16-02316-8
040 _cMagnum
100 _aCarrasco, Walcyr
240 1 0 _aO anjo linguarudo
_lpor
245 1 0 _aO anjo linguarudo
300 _a63
362 0 _a2000
440 1 _aModerna
697 _aLITERATURA INFANTO-JUVENIL
942 _cBK
999 _c184219
_d184219